LEADER 01294nam a2200301 4500 001 000000347589 003 CaOOAMICUS 005 20210902104853.0 008 210902s2001 it 000 u ita r 020 $a978-88-7818-961-4 040 $aSeMil$bita 100 1 $aGaarder, Jostein,$d<1952- >.$0(OLS)http://semarc/name/40108 240 10$aI et speil, i en gåte.$0(OLS)http://semarc/title/436893 245 10$aIn uno specchio, in un enigma :$bromanzo /$cJostein Gaarder ; traduzione di Roberto Bacci. 264 1$aMilano :$bTEA,$c2001. 300 $a161 p. ;$c20 cm 490 1 $aTea Due ;$v929 500 $aIn cop.: Il magico incontro di una bambina e di un angelo: una celebrazione del miracolo della vita 700 1 $aBacci, Roberto.$0(OLS)http://semarc/name/65713 830 0$aTEAdue ;$v929.$0(OLS)http://semarc/title/23645 850 $aSeMil 852 $aSeMil$W1$xVenegono$y1$m1V VI 351$j229201$B238654$CSeMilBibl$Z2$F238654 $81 961 $aPerego don Stefano - Omaggio 961 $aEx libris don Stefano Perego 996 $6020$a978-88-7818-961-4$9(OLS)http://semarc/number/293994 996 $6245$aIn uno specchio, in un enigma :$bromanzo$9(OLS)http://semarc/title/436892 996 $6264$aMilano :$bTEA$9(OLS)http://semarc/publisher/32364 LEADER 00936nam a2200229 i 4500 001 000000182842 003 CaOOAMICUS 005 20091031000000.0 008 091031s1982 it u000 u ita u 013 $a160803 040 $aSeMil$bita 245 10$aGuatemala :$buna storia di sfruttamento e repressione /$cMaurizio Grazio (a cura) 260 $aBologna :$bEMI,$cstampa 1982. 300 $a159 p. ;$c19 cm. 490 0 $aQuaderni Asal ;$vNuova serie28. 650 4$aGuatemala.$0(OLS)http://semarc/subject/10017 700 1 $aGrazio, Maurizio.$0(OLS)http://semarc/name/67334 830 0$aQuaderni Asal ;$vNuova serie28.$0(OLS)http://semarc/title/11326 850 $aSeMil 852 $aSeMil$W1$xVenegono$y1$m3E I 252$j133546$B133546$CSeMilBibl$Z2$F145316 $81 996 $6245$aGuatemala :$buna storia di sfruttamento e repressione$9(OLS)http://semarc/title/262374 996 $6260$aBologna :$bEMI$9(OLS)http://semarc/publisher/29618 LEADER 00852nam a2200229 i 4500 001 000000100369 003 CaOOAMICUS 005 20080702000000.0 008 080702s1968 xx u000 u und u 013 $a72521 040 $aSeMil$bita 100 1 $aOraison, Marc <1914->.$0(OLS)http://semarc/name/17176 245 13$aIl celibato dei preti. 260 $aVicenza :$bLa Locusta,$c1968. 300 $a38 p. 650 4$aCelibato ecclesiastico.$0(OLS)http://semarc/subject/1627 650 4$aPresbiterato.$0(OLS)http://semarc/subject/2315 650 4$aSacerdozio.$0(OLS)http://semarc/subject/255 850 $aSeMil 852 $aSeMil$W1$xVenegono$y1$m94 1 275 *$j57500$B57500$CSeMilBibl$Z2$F67880 $81 996 $6245$aIl celibato dei preti$9(OLS)http://semarc/title/147551 996 $6260$aVicenza :$bLa Locusta$9(OLS)http://semarc/publisher/31451 LEADER 00654nab a2200145 i 4500 001 000000276937 003 CaOOAMICUS 005 20100415000000.0 008 100415n xx uu u0 0und r 013 $a27008 040 $aSeMil$bita 245 10$aComunicazione Editoriale di Errata Corrige della p. 10. - [1] c. inserita a fronte della p. 10, corretta, del fascicolo 14. 500 $a[ERRATA CORRIGE]. 773 0 $t[2010 : Gennaio-Giugno].$dBologna : Centro Editoriale Dehoniano, 2010.$w()184598 996 $6245$aComunicazione Editoriale di Errata Corrige della p. 10. - [1] c. inserita a fronte della p. 10, corretta, del fascicolo 14.$9(OLS)http://semarc/title/362076